[Event "BdF-Diamant 08 email"]
[Site "GER email"]
[Date "2017.06.26"]
[Round "?"]
[White "Tinjaca Ramirez, Luz Marina"]
[Black "Walka, Wolfram"]
[Result "0-1"]
[WhiteElo "2330"]
[BlackElo "2295"]
[PlyCount "20"]
[EventDate "2017.??.??"]
[EventType "tourn (corr)"]
[EventRounds "10"]
[EventCountry "GER"]
[SourceTitle "Corr 2020"]
[Source "ChessBase"]
[SourceDate "2019.09.30"]
[SourceVersion "1"]
[SourceVersionDate "2019.09.30"]
[SourceQuality "1"]

1. d4 d5 2. c4 c6 3. Nf3 Nf6 4. Nc3 dxc4 5. a4 Bf5 6. Ne5 Nbd7 7. Nxc4 Qc7 8. g3 e5 9. dxe5 Nxe5 10. Bg5 Nxc4 0-1

[Event "BdF-Diamant 08 email"]
[Site "GER email"]
[Date "2017.06.26"]
[Round "?"]
[White "Tinjaca Ramirez, Luz Marina"]
[Black "Williamson, Dawn L"]
[Result "1-0"]
[WhiteElo "2330"]
[BlackElo "2373"]
[PlyCount "105"]
[EventDate "2017.??.??"]
[EventType "tourn (corr)"]
[EventRounds "10"]
[EventCountry "GER"]
[SourceTitle "Corr 2020"]
[Source "ChessBase"]
[SourceDate "2019.09.30"]
[SourceVersion "1"]
[SourceVersionDate "2019.09.30"]
[SourceQuality "1"]

1. c4 e5 2. g3 Nf6 3. Bg2 d5 4. cxd5 Nxd5 5. Nc3 Nb6 6. e3 Nc6 7. Nge2 Be7 8. 0-0 0-0 9. f4 f6 10. f5 Bd7 11. d4 Qc8 12. g4 Rd8 13. Ne4 Be8 14. b3 Nd5 15. a3 Bf7 16. Qe1 Qd7 17. Qg3 exd4 18. exd4 Kh8 19. Bb2 Re8 20. Rae1 Bd6 21. Qh3 h6 22. Nc1 Kg8 23. Nd3 b6 24. b4 Rad8 25. b5 Na5 26. g5 Rxe4 27. Bxe4 hxg5 28. Ne5 Bxe5 29. dxe5 Qxb5 30. Bc1 Qc5+ 31. Kh1 Qc3 32. Bf3 Nc6 33. exf6 Nxf6 34. Bxg5 Rd6 35. Re3 Qc5 36. Bg2 Ne5 37. Qg3 Neg4 38. Rc3 Qd4 39. Bxf6 Rxf6 40. Rd3 Qc4 41. Rd8+ Kh7 42. Rd7 Nh6 43. Rxc7 Qd4 44. Qf4 Qd3 45. Rxa7 Rxf5 46. Qe4 Qxe4 47. Bxe4 Bd5 48. Re1 Bxe4+ 49. Rxe4 b5 50. Ree7 Rg5 51. h4 Rg4 52. Re5 Rxh4+ 53. Kg2 1-0